Normal view
MARC view
- Armstrong, Annie Laurie
Entry Personal Name
001 - CONTROL NUMBER
- control field: 15467
003 - CONTROL NUMBER IDENTIFIER
- control field: OSt
005 - DATE AND TIME OF LATEST TRANSACTION
- control field: 20260205153208.0
008 - FIXED-LENGTH DATA ELEMENTS
- fixed length control field: 260205|| aca||aabn | a|a d
040 ## - CATALOGING SOURCE
- Original cataloging agency: OSt
- Transcribing agency: OSt
100 ## - HEADING--PERSONAL NAME
- Personal name: Armstrong, Annie Laurie
670 ## - SOURCE DATA FOUND
- Source citation: Work cat.: (OSt)6087: Iversen, Roberta Rehner. 15461, Jobs aren't enough :, 2006.